000 00985nam a2200301 i 4500
001 77513
003 ES-MaACL
005 20250830085956.0
007 t|
008 041019s2004 sp ||||1| spa d
020 _a84-306-0555-X
080 _a323.28:297
080 _a327.84(73)
080 _a323.285(73)"2001"
080 _a323.28:351.75(73)
100 1 _aClarke, Richard A.
_939066
245 1 0 _aContra todos los enemigos :
_bla lucha antiterrorista de Estados Unidos vista desde dentro /
_cRichard A. Clarke.
260 _a[Madrid] :
_bTaurus,
_c[2004]
300 _a381 p. ;
_c24 cm.
490 1 _aPensamiento
610 2 4 _aAl Qaeda.
_91308
650 1 4 _aServicios de inteligencia-
_zEstados Unidos.
_9173475
650 7 _aAtentados del 11 de septiembre, Estados Unidos, 2001
_2embne
_910401
650 4 _aTerrorismo-
_xPolĂ­tica gubernamental-
_zEstados Unidos.
_917506
830 1 _aPensamiento
_9178722
852 _aES-MaACL
_jL-28294
999 _c77513
_d77513